Central Library OPAC University of Rajshahi

বাংলাদেশের গ্রাম : (Record no. 39369)

MARC details
000 -LEADER
fixed length control field 00949nam a2200241 a 4500
001 - CONTROL NUMBER
control field 39369
003 - CONTROL NUMBER IDENTIFIER
rucl marc code BD-RjUL
005 - DATE AND TIME OF LATEST TRANSACTION
control field 20211209052958.0
008 - FIXED-LENGTH DATA ELEMENTS--GENERAL INFORMATION
fixed length control field 160409s2011 bg ||||| |||| 001 0 ben d
020 ## - INTERNATIONAL STANDARD BOOK NUMBER
International Standard Book Number 9789848765
Terms of availability : TK. 400.00
035 ## - SYSTEM CONTROL NUMBER
System control number (BD-RjUL)39482
040 ## - CATALOGING SOURCE
Original cataloging agency BD-RjUL
Language of cataloging ben
Transcribing agency BD-RjUL
041 ## - LANGUAGE CODE
Language code of text/sound track or separate title ben
082 ## - DEWEY DECIMAL CLASSIFICATION NUMBER
Edition number 23
Author mark and year ISV 2011
Classification number 891.444
100 ## - MAIN ENTRY--PERSONAL NAME
Personal name ইসলাম, নজরুল
9 (RLIN) 120305
245 10 - TITLE STATEMENT
Title বাংলাদেশের গ্রাম :
Remainder of title অতীত ও ভবিষ্যৎ /
Statement of responsibility, etc. নজরুল ইসলাম
260 ## - PUBLICATION, DISTRIBUTION, ETC. (IMPRINT)
Place of publication, distribution, etc. ঢাকা :
Name of publisher, distributor, etc. প্রথমা প্রকাশন,
Date of publication, distribution, etc. ২০১১
300 ## - PHYSICAL DESCRIPTION
Pagination ২৯৬ পৃ.
Size ২১ সেমি.
500 ## - GENERAL NOTE
General note পাদটীকা, নির্দেশিত রচনাবলি ও নির্ঘন্ট সংযুক্ত
650 ## - SUBJECT ADDED ENTRY--TOPICAL TERM
Topical term or geographic name as entry element বাংলা প্রবন্ধ
9 (RLIN) 121384
Topical term or geographic name as entry element Bengali Essays
9 (RLIN) 121385
942 ## - ADDED ENTRY ELEMENTS (KOHA)
Source of classification or shelving scheme Dewey Decimal Classification
Koha item type Books
Holdings
Lost status Source of classification or shelving scheme Damaged status Not for loan Collection code Permanent Location Current Location Shelving location Date acquired Source of acquisition Cost, normal purchase price Total Checkouts Full call number Date last seen Copy number Koha item type
  Dewey Decimal Classification   Not For Loan Non-fiction Central Library, University of Rajshahi Central Library, University of Rajshahi Reading Room 02/02/2014 Proma Prokashan, Dhaka 400.00   B 891.444 ISV 2011 09/04/2016 C-1 Books
  Dewey Decimal Classification     Non-fiction Central Library, University of Rajshahi Central Library, University of Rajshahi   02/02/2014 Proma Prokashan, Dhaka 400.00   B 891.444 ISV 2011 09/04/2016 C-2 Books